000 00581nam a2200217Ia 4500
005 20260429112227.0
008 260429s9999||||xx |||||||||||||| ||und||
020 _a9789352866533
041 _aEnglish
082 _a005.8
_bPFL
100 _aPfleeger, Charles P.
245 0 _aSecurity in computing /
_cCharles P. Pfleeger
250 _a5th ed.
260 _aIndia :
_bPearson,
_c2018.
300 _axxxiii, 910 p.; pbk
650 _a Data security
650 _aComputer science
700 _a Margulies, Jonathan
700 _a Pfleeger, Shari Lawrence
942 _cTB
999 _c53000
_d53000